000 00829cam a2200277 i 4500
001 4528
003 BD-RjUL
005 20211208233916.0
008 131222s1980 nyu 000 0 eng
020 _a0379008882
020 _a0379008874
035 _a(BD-RjUL)4563
040 _aDLC
_cDLC
_dDLC
_beng
041 _aeng
082 0 0 _a341.7566
_bCAS 1976-1980
245 0 0 _aCases on the law of the sea /
_ccompiled and edited by Kenneth R. Simmonds, with the collaboration of Amrit Sarup.
260 _aDobbs Ferry, N.Y. :
_bOceana Publications,
_cc1976-1980.
300 _a4 v. ;
_c27 cm.
490 _vv-3
505 0 _aV.1 -- V. 2 -- V. 3 --
650 0 _aLaw of the sea
_xCases.
_914312
700 1 _aSimmonds, K. R.
_q(Kenneth R.)
_914313
700 1 _aSarup, Amrit.
_914314
942 _2ddc
_cBK
999 _c4528
_d4528